Normal view
MARC view
- STRENGTH OF MATERIALS LABORATORY MANUALS
Entry Topical Term
001 - CONTROL NUMBER
- control field: 76045
003 - CONTROL NUMBER IDENTIFIER
- control field: NUST
005 - DATE AND TIME OF LATEST TRANSACTION
- control field: 20210628205545.0
008 - FIXED-LENGTH DATA ELEMENTS
- fixed length control field: 210628|| aca||aabn | a|a d
040 ## - CATALOGING SOURCE
- Original cataloging agency: NUST
- Transcribing agency: NUST
150 ## - HEADING--TOPICAL TERM
- Topical term or geographic name entry element: STRENGTH OF MATERIALS LABORATORY MANUALS
670 ## - SOURCE DATA FOUND
- Source citation: Work cat.: (NUST): SANDER, B. L 76044, EXPERIMENTS IN STRENGTH OF MATERIALS, 1980
